|
|
|
|
| LEADER |
01312nam a22003252a 4500 |
| 001 |
000228227 |
| 003 |
CZ BrMZK |
| 005 |
20210602094134.0 |
| 007 |
ta |
| 008 |
021205s1980 xr f |||| 0 cze d |
| 015 |
|
|
|a cnb000157339
|
| 035 |
|
|
|a (OCoLC)7946428
|
| 040 |
|
|
|a BOD010
|b cze
|d BOD001
|d BOA001
|
| 072 |
|
7 |
|a 657
|x Účetnictví
|2 Konspekt
|9 4
|
| 100 |
1 |
|
|a Klozar, Jiří,
|d 1916-1996
|7 jk01060701
|4 aut
|
| 245 |
1 |
0 |
|a Základy účetnictví /
|c Jiří Klozar
|
| 250 |
|
|
|a Vyd. 1.
|
| 260 |
|
|
|a Praha :
|b SNTL - Nakladatelství technické literatury,
|c 1980
|
| 300 |
|
|
|a 148 s.
|
| 650 |
0 |
7 |
|a ekonomie
|7 ph114430
|2 czenas
|
| 650 |
0 |
7 |
|a účetnictví
|7 ph116911
|2 czenas
|
| 655 |
|
7 |
|a příručky
|7 fd133209
|2 czenas
|
| 910 |
|
|
|a BOA001
|b 2-0817.258
|
| 990 |
|
|
|a BK
|
| 991 |
|
|
|b 202105
|
| 996 |
7 |
|
|b 2619810778
|c 2-0817.258
|l MZK
|r Sklad / do 1 hodiny
|n 0
|w 000228227
|u 000030
|a 1
|e BOA001
|j MZK50
|s A
|
| 996 |
6 |
|
|b 2619810779
|c 2-0817.258
|l MZK
|r Sklad / do 1 hodiny
|n 0
|w 000228227
|u 000040
|a 1
|e BOA001
|j MZK50
|s P
|
| 996 |
7 |
|
|b 2619810780
|c 2-0817.258
|l MZK
|r Sklad / do 1 hodiny
|n 2
|w 000228227
|u 000050
|a 1
|e BOA001
|j MZK50
|s A
|
| 996 |
7 |
|
|b 2619903599
|c 2-0817.258
|l MZK
|r Sklad / do 1 hodiny
|n 2
|w 000228227
|u 000020
|a 1
|e BOA001
|j MZK50
|s A
|
| 996 |
7 |
|
|b 2619909083
|c 2-0817.258
|l MZK
|r Sklad / do 1 hodiny
|n 2
|w 000228227
|u 000010
|a 1
|e BOA001
|j MZK50
|s A
|